Central Library OPAC University of Rajshahi

The Transactions of the Fourth Health Conference for Executives : (Record no. 73090)

MARC details
000 -LEADER
fixed length control field 00729nam a2200217 a 4500
001 - CONTROL NUMBER
control field 73090
003 - CONTROL NUMBER IDENTIFIER
rucl marc code BD-RjUL
005 - DATE AND TIME OF LATEST TRANSACTION
control field 20211209082340.0
008 - FIXED-LENGTH DATA ELEMENTS--GENERAL INFORMATION
fixed length control field 170528s1962 e a|||| |||| 00| 0 eng d
035 ## - SYSTEM CONTROL NUMBER
System control number (BD-RjUL)73308
040 ## - CATALOGING SOURCE
Original cataloging agency BD-RjUL
Language of cataloging eng
Transcribing agency BD-RjUL
Modifying agency BD-RjUL
041 ## - LANGUAGE CODE
Language code of text/sound track or separate title eng
082 ## - DEWEY DECIMAL CLASSIFICATION NUMBER
Edition number 23
Classification number 613.6
Author mark and year TRA 1962
110 ## - MAIN ENTRY--CORPORATE NAME
Corporate name or jurisdiction name as entry element Chest and Heart Association
9 (RLIN) 217442
245 ## - TITLE STATEMENT
Title The Transactions of the Fourth Health Conference for Executives :
Remainder of title held in the Connaught Rooms, London, 29th November, 1962 /
260 ## - PUBLICATION, DISTRIBUTION, ETC. (IMPRINT)
Place of publication, distribution, etc. London :
Name of publisher, distributor, etc. Tavistock House North,
Date of publication, distribution, etc. 1962.
300 ## - PHYSICAL DESCRIPTION
Pagination 77 p. :
Illustrations ill. ;
Size 18 cm.
650 ## - SUBJECT ADDED ENTRY--TOPICAL TERM
Topical term or geographic name as entry element Health
General subdivision Occupational Medicine
9 (RLIN) 216199
700 ## - ADDED ENTRY--PERSONAL NAME
Personal name Chest and Heart Association
942 ## - ADDED ENTRY ELEMENTS (KOHA)
Source of classification or shelving scheme Dewey Decimal Classification
Koha item type Books
Holdings
Lost status Source of classification or shelving scheme Damaged status Not for loan Collection code Permanent Location Current Location Shelving location Date acquired Source of acquisition Total Checkouts Full call number Date last seen Copy number Koha item type
  Dewey Decimal Classification   Not For Loan Non-fiction Central Library, University of Rajshahi Central Library, University of Rajshahi Reading Room 31/05/1966 Chest & Aeast Ass.   613.6 TRA 1962 28/05/2017 C-1 Books